[Event "Znojmo m 30'"]
[Site "Znojmo"]
[Date "1999.05.01"]
[Round "1"]
[White "Rogers, Ian"]
[Black "Ftacnik, Lubomir"]
[Result "1/2-1/2"]
[WhiteElo "2618"]
[BlackElo "2585"]

1.d4 Nf6 2.Bg5 Ne4 3.Bf4 c5 4.f3 Qa5+ 5.c3 Nf6 6.Nd2 cxd4 7.Nb3 Qb6 8.Qxd4 Nc6
9.Qxb6 axb6 10.Nd4 e5 11.Nxc6 exf4 12.Nd4 d5 13.e3 fxe3 14.Ke2 Bd6 15.Kxe3 O-O
16.Kf2 Bd7 17.Bd3 Bc6 18.Nge2 Nd7 19.a3 Ne5 20.Rad1 Rfe8 21.g3 g6 22.Nf4 Bc5
23.Kg2 Bxd4 24.cxd4 Nxd3 25.Rxd3 g5 26.Nh5 Re2+ 27.Kh3 f5 28.f4 h6 29.g4 fxg4+
30.Kxg4 gxf4 31.Nxf4 Re4 32.Kg3 Kh7 33.Rf3 Rxd4 34.Nd3 Rg8+ 35.Kf2 Rdg4 36.Rg3 d4
37.Rhg1 Rf8+ 38.Ke2 Re8+ 39.Kd2 Rxg3 40.Rxg3 Re4 41.Nf2 Rf4 42.Ng4 h5 43.Ne5 Rf2+
44.Kd3 Rxh2 45.Kxd4 Rxb2 46.Ng6 Rf2 47.Ne5 Rf4+ 48.Kc3 h4 49.Rg5 Kh6 50.Rg6+ Kh5
51.Rg7 Rf5 52.Rh7+ Kg5 53.Nc4 Rf3+ 54.Kd2 h3 55.Ne5 Rg3 56.Rg7+ Kf4 57.Nd3+ Rxd3+
58.Kxd3 h2  1/2-1/2

[Event "IND-ROW m"]
[Site "Bali"]
[Date "1999.05.06"]
[Round "5"]
[White "Torre, Eugenio"]
[Black "Juswanto, Denny"]
[Result "1/2-1/2"]
[WhiteElo "2557"]
[BlackElo "2465"]

1.d4 Nf6 2.Bg5 Ne4 3.Bf4 d5 4.Nd2 Bf5 5.e3 e6 6.Bd3 Nxd2 7.Qxd2 Bg6 8.Nf3 Nd7
9.O-O Be7 10.c4 O-O 11.Ne5 Nxe5 12.Bxe5 dxc4 13.Bxc4 c6 14.a3 Qb6 15.Qc3 Rfd8
16.Rfd1 Rd7 17.Qb3 Qxb3 18.Bxb3 Rad8 19.f3 Kf8 20.Kf1 Bd6 21.Bxd6+ Rxd6 22.Ke2 Ke7
23.Rac1 f6 24.Ba2 e5 25.dxe5 fxe5 26.Rxd6 Rxd6 27.Bb1 Bxb1 28.Rxb1 Rd5 29.Rc1 Rb5
30.b4 Rd5 31.Rc4 Ke6 32.Rh4 h6 33.Rc4 a6 34.h4 h5 35.g3 g6 36.f4 Rd6 37.Rc5 exf4
38.gxf4 b6 39.Rc1 Kf7 40.a4 c5 41.bxc5 Rc6 42.Kd3 bxc5 43.Kc4 Re6 44.Rc3 Re4+
45.Kd5 Rxa4 46.Rxc5 Ra3 47.e4 Kf6 48.Rc6+ Kf7 49.Rc7+ Kf6 50.Rc6+ Kf7 51.Ke5 Ra5+
52.Kd6 Ra4 53.Rc7+ Kf8 54.Ke5 a5 55.Ra7 Kg8 56.f5 gxf5 57.Kxf5 Ra1 58.Kg6 Kf8
59.Kf6 Rf1+ 60.Ke6 Rf4  1/2-1/2

[Event "Budapest FS05 IM"]
[Site "Budapest"]
[Date "1999.05.13"]
[Round "13"]
[White "Brumen, Dinko"]
[Black "Dembo, Yelena"]
[Result "1/2-1/2"]
[WhiteElo "2309"]
[BlackElo "2180"]

1.d4 Nf6 2.Bg5 Ne4 3.Bf4 d5 4.e3 e6 5.Bd3 Nf6 6.Nf3 Bd6 7.Nbd2 Bxf4 8.exf4 Nbd7
9.O-O O-O 10.Ne5 c5 11.c3 Qb6 12.Qb3 c4 13.Qxb6 Nxb6 14.Bc2 Ne8 15.a4 f6
16.a5 Nd7 17.Nef3 Nd6 18.b3 b5 19.axb6 Nxb6 20.bxc4 Nbxc4 21.Ba4 Rf7 22.Rfe1 Rc7
23.Nxc4 Nxc4 24.Rec1 Rb8 25.Ne1 Nb2 26.h3 Rb6 27.Bc2 Bd7 28.Kh2 g6 29.Bd3 Rb3
30.Ra2 Nc4 31.Bxc4 dxc4 32.Nf3 Rcb7 33.Rcc2 Bc6 34.Nd2 Bd5 35.Kg3 R3b6 36.Ra4 Rc7
37.Rca2 Rbb7 38.Nf1 Rb3 39.R2a3 Rcb7 40.Ne3 Rxa3 41.Rxa3 Kf8 42.f3 Ke7 43.Ra4 Rc7
44.Ra5 Kd6 45.f5 gxf5 46.Nxd5 exd5 47.Kf4 Rb7 48.Kxf5 Rb3 49.Kxf6 Rxc3 50.Ra6+ Kc7
51.Ke5 Kb7 52.Ra5 Kb6 53.Rc5 Rc2 54.Kxd5 Rxg2 55.Kxc4 Rg3 56.Rh5 Rxf3 57.Rh6+ Ka5
58.Rxh7 a6 59.Kc5 Rc3+ 60.Kd6 Kb5 61.d5 a5 62.h4 a4 63.h5 Kb6 64.Rh8 Kb7
65.Rh7+ Kb6 66.Rh8 Kb7 67.Rg8 a3 68.Rg7+ Kb6 69.Ke6 a2 70.Rg1 Re3+ 71.Kf5 Kc5
72.Ra1 Re2 73.h6 Kxd5  1/2-1/2

[Event "VCN SchaakFestival"]
[Site "Soest"]
[Date "1999.05.15"]
[Round "4"]
[White "Amesz, Jaap"]
[Black "Van Wessel, Rudy"]
[Result "1/2-1/2"]
[WhiteElo "2190"]
[BlackElo "2325"]

1.d4 Nf6 2.Bg5 Ne4 3.Bh4 d5 4.f3 Nd6 5.Nc3 c6 6.e4 Qa5 7.Qd2 e6 8.Bd3 Na6
9.Nge2 Nb4 10.O-O Nxd3 11.Qxd3 b6 12.a3 Ba6 13.Qd2 Nc4 14.Qc1 dxe4 15.fxe4 Qh5
16.Bg3 Be7 17.Nf4 Qh6 18.Rd1 e5 19.dxe5 Bc5+ 20.Bf2 Bxf2+ 21.Kxf2 Nxe5 22.Kg1 O-O
23.Nd3 Qf6 24.Qf4 Qxf4 25.Nxf4 Rad8 26.Kf2 Rfe8 27.b3 Kf8 28.h3 Ke7 29.Ke3 f6
30.Rxd8 Rxd8 31.Rd1 Rxd1 32.Nxd1 g6 33.Kd4 g5 34.Nd3 Nxd3 35.cxd3 c5+ 36.Kc3 Bc8
37.Ne3 Be6 38.b4 Kd6 39.d4 cxd4+ 40.Kxd4 h5 41.g4 hxg4 42.hxg4 Bc8 43.Nc4+ Ke6
44.b5 Bd7 45.a4 Ke7 46.Ne3 Be6 47.e5 fxe5+ 48.Kxe5 Bb3 49.Nd5+ Kd7 50.Nf6+ Kc8
51.a5 bxa5 52.Kd4 Bd1 53.Ne4 Kb7 54.Nxg5 Kb6 55.Kc3  1/2-1/2

[Event "Zalakaros Kupa 18th"]
[Site "Zalakaros"]
[Date "1999.05.15"]
[Round "4"]
[White "Meszaros, Gyula"]
[Black "Wersching, Alfred"]
[Result "1-0"]
[WhiteElo "2311"]
[BlackElo "2109"]

1.d4 Nf6 2.Bg5 Ne4 3.Bf4 c5 4.f3 Qa5+ 5.c3 Nf6 6.Nd2 cxd4 7.Nb3 Qb6 8.Qxd4 Qxd4
9.cxd4 g6 10.e4 Bg7 11.Rc1 Nc6 12.Be3 O-O 13.Bd3 Nb4 14.Bb1 a5 15.a3 Nc6
16.Ne2 b5 17.Nc5 b4 18.a4 d6 19.Nd3 Bd7 20.b3 Rfc8 21.Kd2 e6 22.Nb2 Ne8 23.g4 Na7
24.Rcf1 Rc6 25.Nd3 Bf8 26.f4 Ng7 27.Rhg1 Nc8 28.h4 h5 29.gxh5 Nxh5 30.f5 exf5
31.Ndf4 Nxf4 32.Nxf4 Ne7 33.Nh5 Kh8 34.Nf6 Be8 35.h5 Ng8 36.hxg6 Nxf6 37.gxf7 Bxf7
38.Rxf5 Nh7  1-0

[Event "Guillermo Garcia mem-A"]
[Site "Santa Clara"]
[Date "1999.05.30"]
[Round "6"]
[White "Bellon Lopez, Juan Manuel"]
[Black "Paramos Dominguez, Roberto"]
[Result "1-0"]
[WhiteElo "2447"]
[BlackElo "2445"]

1.d4 Nf6 2.Bg5 Ne4 3.Bh4 d5 4.f3 g5 5.fxe4 gxh4 6.exd5 Qxd5 7.Nc3 Qa5 8.Nf3 Nc6
9.d5 Nb8 10.Qd4 Rg8 11.Qxh4 Bf5 12.O-O-O Nd7 13.e4 Bg6 14.Bb5 O-O-O 15.Bxd7+ Rxd7
16.Ne5 Rd8 17.Rhf1 Bg7 18.Nxg6 fxg6 19.Rf3 Kb8 20.a3 h5 21.Qxe7 Rde8 22.Qh4 Be5
23.h3 a6 24.Qe1 Qc5 25.Kb1 g5 26.Qe3 Qa5 27.Ne2 g4 28.Rf5 gxh3 29.gxh3 Rg2
30.Nc1 Qa4 31.Nb3 h4 32.Rdf1 Qc4 33.Nd2 Qb5 34.Nb3 Qc4 35.R1f2 Rg1+ 36.Ka2 Bg7
37.d6 cxd6 38.Rf7 Rxe4 39.Rf8+  1-0

[Event "Budapest FS06 GM"]
[Site "Budapest"]
[Date "1999.06.06"]
[Round "2"]
[White "Anastasian, Ashot"]
[Black "Lorscheid, Gerhard"]
[Result "1/2-1/2"]
[WhiteElo "2529"]
[BlackElo "2323"]

1.d4 Nf6 2.Bg5 Ne4 3.Bf4 d5 4.f3 Nd6 5.Nc3 e6 6.e4 c6 7.Bd3 Be7 8.Nge2 O-O
9.Qd2 b5 10.e5 Nc4 11.Bxc4 bxc4 12.Be3 Nd7 13.f4 Rb8 14.Rb1 f5 15.O-O Qa5
16.h3 Rf7 17.Kh2 Nf8 18.a3 g6 19.Ng1 Bd8 20.Nf3 Rfb7 21.Qc1 Be7 22.Nd1 Qc7
23.Ra1 Nd7 24.g4 Nf8 25.Qd2 Bd7 26.Qf2 Be8 27.Rg1 Kh8 28.Rg2 Bd8 29.c3 Qg7
30.Rc1 Qh6 31.Kg1 Rf7 32.Qg3 Qg7 33.Rcc2 c5 34.dxc5 Ba4 35.Rcd2 Rfb7 36.gxf5 gxf5
37.Qh2 Qf7 38.c6 Bxc6 39.Bd4 Qh5 40.Rg3 Ng6 41.Rdg2 Bh4 42.Kh1 Bxg3 43.Qxg3 Rg8
44.Ne3 Rbg7 45.Kh2 Ne7 46.Qf2 Rxg2+ 47.Nxg2 h6 48.Ne3 Ng6 49.Ng2 a6 50.Qf1 Kh7
51.Qf2 Nf8 52.Qe2 Qf7 53.Qf2 Ng6 54.Bc5 Qb7 55.Nd4 Rb8 56.Kg1 Bd7 57.Bd6 Rg8
58.Kh2 Qc8  1/2-1/2

[Event "Salongernas IM"]
[Site "Stockholm"]
[Date "1999.06.11"]
[Round "7"]
[White "Engqvist, Thomas"]
[Black "Sandstrom, Ludvig"]
[Result "1/2-1/2"]
[WhiteElo "2351"]
[BlackElo "2356"]

1.d4 Nf6 2.Bg5 Ne4 3.Bf4 c5 4.f3 Qa5+ 5.c3 Nf6 6.Nd2 cxd4 7.Nb3 Qb6 8.Qxd4 Nc6
9.Qxb6 axb6 10.Nd4 Nxd4 11.cxd4 d5 12.e3 Bd7 13.Bd3 e6 14.Ne2 Bc6 15.Nc3 Kd7
16.Ke2 Bb4 17.Rhc1 Nh5 18.Bg5 h6 19.Bh4 Bd6 20.Rh1 g5 21.Be1 e5 22.dxe5 Bxe5
23.Rd1 Ke6 24.Bc2 Nf6 25.Bb3 Ke7 26.Rd3 h5 27.Bg3 Bxg3 28.hxg3 Ra5 29.Rhd1 g4
30.Bxd5 h4 31.Bxc6 bxc6 32.gxh4 gxf3+ 33.gxf3 Rxh4 34.R3d2 Rg5 35.Rf1 Rg3
36.Kd1 Rhh3 37.Rdf2 Rg5 38.a3 Nd7 39.Ne4 Rd5+ 40.Rd2 Ne5 41.Rxd5 cxd5 42.Nd2 Kd6
43.b3 Rh2 44.Kc2 Re2 45.e4 dxe4 46.fxe4 Kc5 47.Rf6 b5 48.b4+ Kd4 49.Rd6+ Ke3
50.Kc3 Rf2 51.Rd5 f6 52.Rd6 Ke2 53.Rd5 Ke3 54.Rd8 Rg2 55.Rd5 Rf2  1/2-1/2

[Event "World op Champions"]
[Site "Philadelphia"]
[Date "1999.06.27"]
[Round "5"]
[White "Fink, Stanley"]
[Black "Winer, Steve"]
[Result "0-1"]
[WhiteElo "2185"]
[BlackElo "2303"]

1.d4 Nf6 2.Bg5 Ne4 3.Bf4 c5 4.f3 Qa5+ 5.c3 Nf6 6.Nd2 cxd4 7.Nb3 Qb6 8.Qxd4 Nc6
9.Qxb6 axb6 10.Nd4 Nxd4 11.cxd4 d5 12.e3 Bd7 13.g4 b5 14.Ne2 b4 15.Nc1 e6
16.Bd3 Bc6 17.Nb3 Be7 18.Ke2 O-O 19.Nc1 Ra7 20.h4 Nd7 21.g5 Re8 22.Bg3 Nb6
23.b3 Nd7 24.Rb1 Bf8 25.f4 f6 26.gxf6 gxf6 27.Rg1 Kh8 28.Rb2 e5 29.dxe5 fxe5
30.Bf5 exf4 31.Bxf4 Bg7 32.Rxg7 Kxg7 33.Kd1 Nf6 34.Nd3 Ra5 35.Ne5 d4 36.exd4 Rd8
37.Rd2 Be4 38.Bxe4 Nxe4 39.Rg2+ Kf6 40.Bg5+ Nxg5 41.hxg5+ Ke6 42.Nf3 Rf5
43.Ke2 Kd5 44.Ke3 Rdf8 45.Ne5 Rf4 46.Nd7 Re4+ 47.Kd2 Rxd4+ 48.Kc2 Rc8+ 49.Kb2 Rc7
50.Nf6+ Ke6 51.Rh2 Rd1 52.a3 Rd3 53.axb4 Rcc3 54.Rxh7 Rxb3+ 55.Kc2 Rdc3+
56.Kd2 Rg3 57.Kc2 Rxb4 58.Nd7 Rxg5 59.Nf8+ Kd5 60.Rd7+ Kc6 61.Rd2 Rc5+ 62.Kd1 Rd5
63.Rxd5 Kxd5  0-1

[Event "World op"]
[Site "Philadelphia"]
[Date "1999.07.01"]
[Round "5"]
[White "Benjamin, Joel"]
[Black "Ivanov, Alexander"]
[Result "1/2-1/2"]
[WhiteElo "2593"]
[BlackElo "2505"]

1.d4 Nf6 2.Bg5 Ne4 3.Bf4 c5 4.f3 Qa5+ 5.c3 Nf6 6.d5 e6 7.e4 exd5 8.exd5 d6
9.Na3 Be7 10.g4 Nbd7 11.Nc4 Qc7 12.a4 O-O 13.Ne2 Re8 14.Kf2 Nf8 15.Ng3 Ng6
16.Be3 Nd7 17.Be2 Bh4 18.Qd2 Nde5 19.Kg2 Nxc4 20.Bxc4 Bd7 21.Rhe1 a6 22.Bf1  1/2-1/2

[Event "Haarlem AKN op 8th"]
[Site "Haarlem"]
[Date "1999.07.03"]
[Round "3"]
[White "Wunnink, Michael"]
[Black "Grooten, Herman"]
[Result "0-1"]
[WhiteElo "2198"]
[BlackElo "2412"]

1.d4 Nf6 2.Bg5 Ne4 3.Bf4 c5 4.f3 Qa5+ 5.c3 Nf6 6.Nd2 cxd4 7.Nb3 Qd8 8.cxd4 d5
9.e3 Nc6 10.Bd3 g6 11.Ne2 Bg7 12.O-O O-O 13.Rc1 Qe8 14.Bb5 Nh5 15.Na5 Bd7
16.Nxb7 Nxd4 17.Bxd7 Nxe2+ 18.Qxe2 Qxd7 19.Nc5 Nxf4 20.exf4 Bd4+ 21.Kh1 Bxc5
22.Rxc5 Rfc8 23.Rfc1 Rxc5 24.Rxc5 Qd6 25.Qe3 e6 26.g3 Qa6 27.Kg2 Qxa2 28.Qd4 Rb8
29.Kh3 Qa6 30.Kg4 Rc8 31.Kg5 Rxc5 32.Qxc5 Qb6 33.Qc8+ Kg7 34.Qc3+ d4  0-1

[Event "EUCup99 (Women)"]
[Site "Nova Gorica"]
[Date "1999.07.05"]
[Round "7"]
[White "Semenova, Lidia K"]
[Black "Djeno, Mara"]
[Result "1/2-1/2"]
[WhiteElo "2280"]
[BlackElo "2239"]

1.d4 Nf6 2.Bg5 Ne4 3.Bf4 d5 4.e3 e6 5.Nd2 Nxd2 6.Qxd2 Bd6 7.Nf3 Bxf4 8.exf4 b6
9.O-O-O a5 10.h4 Ba6 11.Bxa6 Nxa6 12.Rde1 O-O 13.Ng5 Qf6 14.Kb1 c5 15.Re5 Nb4
16.h5 cxd4 17.Nf3 d3 18.cxd3 Nc6 19.Ree1 a4  1/2-1/2

[Event "Politiken Cup"]
[Site "Copenhagen"]
[Date "1999.07.08"]
[Round "6"]
[White "Peelen, Piet"]
[Black "Trygstad, Kristian"]
[Result "1-0"]
[WhiteElo "2382"]
[BlackElo "2227"]

1.d4 Nf6 2.Bg5 Ne4 3.Bf4 c5 4.f3 Qa5+ 5.c3 Nf6 6.d5 Qb6 7.Bc1 e6 8.e4 exd5
9.exd5 c4 10.Bxc4 Bc5 11.Ne2 O-O 12.Nd2 Re8 13.Nb3 Bf2+ 14.Kf1 Qc7 15.Kxf2 Qxc4
16.Re1 Nxd5 17.Qd4 Qxd4+ 18.Nbxd4 Nc6 19.Bd2 b6 20.Nf4 Nc7 21.Nd5 Rxe1 22.Rxe1 Ne6
23.Nxc6 dxc6 24.Ne7+ Kf8 25.Nxc6 Nc5 26.Re3 Ba6 27.b3 Bb7 28.Nd4 Re8 29.Rxe8+ Kxe8
30.Nb5 a6 31.Nd6+ Ke7 32.Nxb7 Nxb7 33.Ke3 Kd6 34.Kd4 Nc5 35.Bf4+ Kc6 36.Be3 Nd7
37.Bg5 Nc5 38.Be7 Ne6+ 39.Ke5 Kd7 40.Ba3 Nc7 41.Bc1 Kc6 42.Be3 b5 43.h4 Nd5
44.Kd4 Ne7 45.g4 Nd5 46.Bd2 Nc7 47.h5 f6 48.Ke4 g6 49.Be3 Ne8 50.Bf4 Ng7
51.hxg6 hxg6 52.Bg3 Ne6 53.Bh4 Nc5+ 54.Kd4 Nd7 55.Bg3 Nc5 56.Bh4 Nd7 57.Bf2 Nc5
58.Be3 Ne6+ 59.Ke4 Kd6 60.Bf4+ Kc6 61.Be3 Kd6 62.f4 Ng7 63.f5 gxf5+ 64.gxf5 Ke7
65.Bh6 Ne8 66.Kd5 Kd7 67.Bf8 Nc7+ 68.Kc5 Ke8 69.Kc6  1-0

[Event "Biel MTO"]
[Site "Biel"]
[Date "1999.07.20"]
[Round "10"]
[White "Tyomkin, Dimitri"]
[Black "Klovans, Janis"]
[Result "1/2-1/2"]
[WhiteElo "2495"]
[BlackElo "2465"]

1.d4 Nf6 2.Bg5 Ne4 3.Bf4 c5 4.f3 Qa5+ 5.c3 Nf6 6.Nd2 cxd4 7.Nb3 Qf5 8.Bxb8 Rxb8
9.Qxd4 b6 10.e4 Qf4 11.Nh3 Qc7 12.e5 Ng8 13.O-O-O e6 14.Bd3 Ne7 15.f4  1/2-1/2

[Event "Paris-ch"]
[Site "Paris"]
[Date "1999.07.22"]
[Round "6"]
[White "Neuillet, Alexandre"]
[Black "Bellamine, Imed"]
[Result "1-0"]
[WhiteElo "2209"]
[BlackElo "2136"]

1.d4 Nf6 2.Bg5 Ne4 3.Bf4 c5 4.f3 Qa5+ 5.c3 Nf6 6.Nd2 cxd4 7.Nb3 Qb6 8.Qxd4 Qxd4
9.cxd4 d5 10.Rc1 Bd7 11.e3 e6 12.Bd3 Bb4+ 13.Kf2 Nh5 14.Be5 f6 15.Bxb8  1-0

[Event "Paris-ch"]
[Site "Paris"]
[Date "1999.07.24"]
[Round "8"]
[White "Praud, Jean Luc"]
[Black "Touzane, Olivier"]
[Result "1-0"]
[WhiteElo "2214"]
[BlackElo "2348"]

1.d4 Nf6 2.Bg5 Ne4 3.Bf4 c5 4.f3 Nf6 5.dxc5 Qa5+ 6.Nc3 Qxc5 7.e4 d6 8.Qd2 g6
9.O-O-O Nbd7 10.Kb1 a6 11.g4 h6 12.h4 Bg7 13.Bg2 b5 14.g5 hxg5 15.hxg5 Nh5
16.Be3 Qb4 17.Nge2 Bb7 18.a3 Qc4 19.b3 Qc7 20.Bd4 Bxd4 21.Qxd4 Rf8 22.Bh3 Nc5
23.Nd5 Bxd5 24.exd5 Nd7 25.Rd3 Qc5 26.Qe4 Ne5 27.Rc3 f5 28.Qxe5 dxe5 29.Rxc5 Kd7
30.Rc6  1-0

[Event "Dutch Open"]
[Site "Dieren"]
[Date "1999.07.27"]
[Round "8"]
[White "Wilgenhof, Otto"]
[Black "Algera, Simon"]
[Result "1-0"]
[WhiteElo "2235"]
[BlackElo "2085"]

1.d4 Nf6 2.Bg5 Ne4 3.Bh4 c5 4.f3 g5 5.fxe4 gxh4 6.e3 Qb6 7.Nc3 Nc6 8.Nd5 Qd8
9.Nf3 d6 10.Bc4 Bh6 11.O-O e6 12.Nf4 Qe7 13.dxc5 dxc5 14.e5 Bd7 15.a3 Rg8
16.Qd3 O-O-O 17.b4 cxb4 18.axb4 Bxf4 19.exf4 Rg4 20.b5 Qc5+ 21.Kh1 Nb4 22.Qe4 Rdg8
23.Ng5 h3 24.gxh3 Rh4 25.Nxf7 Nd5 26.Nd6+ Kb8 27.Rad1 Rxh3 28.Bxd5 exd5 29.Rxd5 Qe3
30.Qxe3 Rxe3 31.Nc4 Bf5 32.Rd8+ Rxd8 33.Nxe3 Be4+ 34.Kg1 Kc7 35.f5 Rg8+ 36.Kf2 a5
37.bxa6 bxa6 38.Rd1 Bxf5 39.Rd6 Rf8 40.Kg3 Bc8 41.Nd5+ Kb7 42.e6 Re8 43.e7 Bf5
44.Rb6+ Ka7 45.Rxa6+ Kb7 46.Rf6  1-0

[Event "Budapest  Agro GM"]
[Site "Budapest"]
[Date "1999.08.02"]
[Round "4"]
[White "Bellini, Fabio"]
[Black "Gross, David"]
[Result "1/2-1/2"]
[WhiteElo "2418"]
[BlackElo "2465"]

1.d4 Nf6 2.Bg5 Ne4 3.Bf4 c5 4.f3 Nf6 5.dxc5 Qa5+ 6.Nc3 Qxc5 7.e4 d6 8.Qd2 a6
9.O-O-O e5 10.Be3 Qa5 11.Bc4 Nbd7 12.g4 h6 13.Nge2 Nb6 14.Bxb6 Qxb6 15.h4 Be6
16.Bb3 O-O-O 17.Ng3 Kb8 18.Kb1 Qc5 19.Nf5 g6 20.Ne3 Be7 21.Ned5 Nxd5 22.Nxd5 Bxd5
23.Bxd5 Rdf8 24.Qd3 h5 25.Qb3 Qb5 26.Qxb5 axb5 27.Rd3 hxg4 28.fxg4 Rxh4 29.Rxh4 Bxh4
30.Rh3 Bd8 31.Rh7 Bc7 32.Bxf7 d5 33.exd5 e4 34.Kc1 g5 35.c3 e3 36.Kd1 Bf4
37.a3 Ka7 38.Ke2 Rd8 39.Rh6 Rd7 40.Be6 Rd8 41.Rh7 Kb6 42.Kd3 Ka7 43.Rh6 Kb8
44.Rh7 Ka7 45.Rh6 Kb8 46.Rg6 Kc7 47.Rg7+ Kb6 48.Rg8 Rxg8 49.Bxg8 Kc5 50.Bh7 Kxd5
51.Be4+ Kc5 52.Bxb7 e2 53.Kxe2 Kc4 54.Ba6 Bc1 55.a4 Bxb2 56.Bxb5+ Kxc3 57.a5 Kb4
58.a6 Bd4 59.Bd3  1/2-1/2

[Event "MK Cafe Cup-B"]
[Site "Koszalin"]
[Date "1999.08.04"]
[Round "2"]
[White "Szymanski, Marcin"]
[Black "Kazhgaleyev, Murtas"]
[Result "1/2-1/2"]
[WhiteElo "2327"]
[BlackElo "2531"]

1.d4 Nf6 2.Bg5 Ne4 3.Bf4 c5 4.f3 Qa5+ 5.c3 Nf6 6.Nd2 cxd4 7.Nb3 Qb6 8.Qxd4 Nc6
9.Qxb6 axb6 10.Nd4 Ra5 11.e4 e5 12.Nxc6 dxc6 13.Be3 b5 14.c4 Be6 15.cxb5 Rxa2
16.Rxa2 Bxa2 17.Ne2 Nd7 18.Nc3 Bb3 19.Be2 Bc5 20.Kf2 Bd4 21.bxc6 bxc6 22.Bd1 Nc5
23.Bxd4 exd4 24.Ne2 Nd3+ 25.Kg3 h5 26.h4 Ba2 27.Nxd4 c5 28.Ba4+ Kf8 29.Bb5 cxd4
30.Bxd3 Ke7 31.Ra1 Be6 32.Ra4 Rb8 33.Rxd4 Rxb2 34.Ra4 g6 35.Bc4 Bxc4 36.Rxc4 Ke6
37.Rc5 Ra2 38.Rb5 Rc2 39.Rg5 Ra2 40.Kf4 Kf6 41.g3 Ra3 42.Rb5 Kg7 43.g4 hxg4
44.Kxg4 Ra4 45.h5 Rc4 46.hxg6 Kxg6 47.Rb6+ f6 48.Rd6 Ra4 49.Kf4 Rb4 50.Ke3 Rb3+
51.Rd3 Rb4 52.f4 Ra4 53.Kf3 Kf7 54.Rb3 Rc4 55.Rb7+ Kf8 56.Ke3 Ra4 57.Rc7 Rb4
58.Kf3 Ra4 59.f5 Ra1 60.Ke3 Ra4 61.Kd3 Ke8 62.Rc4 Ra1 63.Kd4 Rd1+ 64.Kc5 Ke7
65.Kc6 Rd2 66.Kc7 Rd1 67.Rc6 Rd4 68.Re6+ Kf7  1/2-1/2

[Event "MK Cafe Cup-A"]
[Site "Koszalin"]
[Date "1999.08.04"]
[Round "2"]
[White "Teske, Henrik"]
[Black "Sapis, Witalis"]
[Result "1/2-1/2"]
[WhiteElo "2515"]
[BlackElo "2429"]

1.d4 Nf6 2.Bg5 Ne4 3.h4 d5 4.Nd2 Nxd2 5.Qxd2 c6 6.e3 h6 7.Bf4 Bf5 8.Nf3 e6
9.Ne5 Nd7 10.O-O-O Nxe5 11.Bxe5 f6 12.Bf4 Qd7 13.f3 h5 14.Bd3 Bd6 15.e4 dxe4
16.Bxe4 Bxe4 17.fxe4 Bxf4 18.Qxf4 O-O-O 19.Rd3 Qc7 20.Qf3 Kb8 21.Rhd1 Qf7
22.c4 Rhe8 23.a3 a6 24.Kb1 Rd7 25.Ka1 Red8 26.R1d2 Qe8 27.Ka2 Qf7 28.Qe3 Ka8
29.b3 Qe7 30.Kb2 Qf7 31.Kc3 Qe7 32.Kb2 Qf7 33.Qf3 Qe8 34.Kc3 Qg6 35.b4 Qe8
36.a4 e5 37.d5 cxd5 38.cxd5 a5 39.d6 Qe6 40.Qd1 Rc8+ 41.Kb2 Qc4 42.bxa5 Qxe4
43.Qb3 Rc4 44.Ka3 Qc6 45.Qb5 e4 46.Rd4 Rc1 47.Qxc6 Rxc6 48.Rxe4 Rcxd6 49.Rxd6 Rxd6
50.g4 hxg4 51.Rxg4 Rd7 52.Kb4 Ka7 53.h5 f5 54.Rf4 Rd5 55.Rc4 Rd7 56.Rf4 Rd5
57.Rc4 Rd7 58.Rf4  1/2-1/2

[Event "BCF-ch 86th"]
[Site "Scarborough"]
[Date "1999.08.04"]
[Round "4"]
[White "Clarke, Thomas"]
[Black "Sashikiran, Krishnan"]
[Result "0-1"]
[WhiteElo "2204"]
[BlackElo "2536"]

1.d4 Nf6 2.Bg5 Ne4 3.h4 d5 4.Nd2 Bf5 5.Nxe4 dxe4 6.e3 h6 7.Bf4 e6 8.g4 Bg6
9.h5 Bh7 10.Bg2 Bd6 11.Ne2 Nc6 12.Qd2 Bxf4 13.exf4 Qd5 14.O-O O-O-O 15.Qe3 Nxd4
16.Nc3 Qa5 17.Bxe4 Bxe4 18.Qxe4 f5 19.gxf5 Qxf5 20.Qxf5 exf5 21.Kh1 Nxc2
22.Rac1 Nb4 23.Nb5 c6 24.Rc4 Nd3 25.Nxa7+ Kb8 26.Ra4 Rhe8  0-1

[Event "BCF-ch 86th"]
[Site "Scarborough"]
[Date "1999.08.04"]
[Round "4"]
[White "Rahman, Taibur"]
[Black "Aikhoje, Odion"]
[Result "1-0"]
[WhiteElo "2210"]
[BlackElo "2341"]

1.d4 Nf6 2.Bg5 Ne4 3.Bf4 d5 4.f3 Nd6 5.e4 dxe4 6.Nc3 e3 7.Bxe3 g6 8.Qd2 Nf5
9.Bc4 e5 10.O-O-O exd4 11.Bg5 Be7 12.Bxe7 Nxe7 13.Qf4 O-O 14.Rxd4 Nd7 15.Ne4 Nc6
16.Rd2 Nce5 17.Qh6 Qe7 18.Bb3 Nc5 19.Nxc5 Qxc5 20.h4 Qe7 21.h5 g5 22.Ne2 Kh8
23.Nc3 c6 24.Ne4 f6 25.Rd6 Bf5 26.Rxf6 Bxe4 27.Rxf8+ Rxf8 28.Re1 Qc5 29.Kb1 Bd5
30.Bxd5 cxd5 31.Qxg5 Nc4 32.h6 Qd4 33.c3 Qd3+ 34.Ka1 Qg6 35.Qxd5 Nd6 36.Re6 Qxg2
37.a3 Qf1+ 38.Ka2 Qc4+ 39.Qxc4 Nxc4 40.Kb3 Nd2+ 41.Kb4 Nxf3 42.Re7 Rb8 43.Kc5 Nh4
44.Rf7 Rc8+ 45.Kd6 Rc6+ 46.Kd5 Rxh6 47.Rxb7 a6 48.c4 Ng2 49.c5 Nf4+ 50.Ke5 Nd3+
51.Kd4 Nf4 52.Rb6 Re6 53.c6 Re8 54.Rxa6 Kg7 55.Kc5 h5 56.c7 Kf7 57.Rh6 Kg7
58.Rd6 h4 59.Kc6 h3 60.Kd7 h2 61.Rd1 Re2 62.c8=Q Rd2+ 63.Kc6  1-0

[Event "CRA-ch"]
[Site "Antiguo"]
[Date "1999.08.05"]
[Round "5"]
[White "Hernandez Basante, Francisco"]
[Black "Murillo, Alexis"]
[Result "1-0"]
[WhiteElo "2298"]
[BlackElo "2419"]

1.d4 Nf6 2.Bg5 Ne4 3.Bf4 c5 4.f3 Nf6 5.d5 Qb6 6.Nc3 Qxb2 7.Bd2 Qb6 8.e4 d6
9.f4 e6 10.Nf3 Be7 11.Rb1 Qd8 12.Bb5+ Kf8 13.dxe6 fxe6 14.e5 Ne8 15.O-O d5
16.Ng5 Nc7 17.f5 exf5 18.Qh5 g6 19.Qh6+ Kg8 20.e6 Nc6 21.Bxc6 bxc6 22.Nf7 Qf8
23.Qh3 h5 24.Nxh8 Kxh8 25.Qg3 Nxe6 26.Qxg6 Nd4 27.Qxh5+ Kg8 28.Ne2 Qf7 29.Qxf7+ Kxf7
30.Nxd4 cxd4 31.g4 Bc5 32.Kg2 Kg6 33.g5 a5 34.Rfe1 Bb4 35.Bxb4 axb4 36.Re8 c5
37.h4 f4 38.Kf2 Rxa2 39.Rxc8 Rxc2+ 40.Kf3 d3 41.Rc6+  1-0

[Event "BCF-ch 86th"]
[Site "Scarborough"]
[Date "1999.08.07"]
[Round "7"]
[White "Clarke, Thomas"]
[Black "Thiruchelvam, Thirumurugan"]
[Result "0-1"]
[WhiteElo "2204"]
[BlackElo "2020"]

1.d4 Nf6 2.Bg5 Ne4 3.h4 d5 4.Nd2 Bf5 5.Nxe4 Bxe4 6.h5 h6 7.Bh4 c6 8.Qd2 Nd7
9.f3 Bh7 10.Nh3 Qb6 11.O-O-O e5 12.e4 dxe4 13.dxe5 Qc7 14.e6 fxe6 15.Nf4 Nb6
16.fxe4 Be7 17.Nxe6 Qe5 18.Bc4 Bg8 19.Bxe7 Bxe6 20.Bxe6 Qxe6 21.Ba3 Qxa2
22.Qb4 Qa1+ 23.Kd2 O-O-O+ 24.Ke2 Qa2 25.Qc5 Qe6 26.Qf5 Rde8 27.Kf3 Nc4 28.Rd4 Qxf5+
29.exf5 Ne3 30.Rf4 Nxc2 31.Rg4 Nxa3 32.bxa3 Re7 33.Rd1 Rd8 34.Rxd8+ Kxd8
35.Rg6 Ke8 36.Kf4 c5 37.g4 c4 38.f6 Rf7 39.Ke4 gxf6 40.Rxh6 Ke7 41.Kd4 b5
42.a4 a6 43.g5 fxg5 44.Rxa6 bxa4 45.h6 Rf4+ 46.Ke5 Kf7 47.Rxa4 Kg6 48.Ra6+ Kh7
49.Rc6 c3 50.Rxc3 Kxh6 51.Rh3+ Kg6 52.Rh8 Rf1 53.Ke4 g4 54.Ke3 Kg5 55.Ke2 Rf6
56.Rh7 g3 57.Rh8 Kg4 58.Rg8+ Kh3 59.Rh8+ Kg2 60.Re8 Rh6 61.Re7 Kh1  0-1

[Event "MK Cafe Cup-B"]
[Site "Koszalin"]
[Date "1999.08.12"]
[Round "9"]
[White "Wojtaszek, Radoslaw"]
[Black "Grabarska, Barbara"]
[Result "0-1"]
[WhiteElo "2117"]
[BlackElo "2293"]

1.d4 Nf6 2.Bg5 Ne4 3.Bf4 c5 4.f3 Qa5+ 5.c3 Nf6 6.d5 Qb6 7.b3 e6 8.e4 exd5
9.exd5 Bd6 10.Bg5 Be7 11.Bc4 O-O 12.Ne2 d6 13.O-O a6 14.a4 Qa5 15.Na3 Nbd7
16.Bd3 h6 17.Bxf6 Nxf6 18.Nc4 Qc7 19.Bc2 b6 20.a5 bxa5 21.Nf4 g6 22.Re1 Re8
23.Qd2 Bf8 24.Rxe8 Nxe8 25.Nxa5 Bd7 26.Nc4 Bg7 27.Ne2 Bb5 28.Ng3 Bxc4 29.bxc4 Nf6
30.Ba4 Nd7 31.Bc6 Ra7 32.f4 Nf6 33.Qd3 Qb6 34.Rb1 Qa5 35.Rb8+ Kh7 36.h3 Re7
37.Kh2 Qa2 38.Ra8 h5 39.f5 h4 40.fxg6+ fxg6 41.Nf5 Re1 42.Ra7 Qa1 43.Rxg7+ Kh8
44.Nxh4 Rh1+ 45.Kg3 Qe1+  0-1

[Event "AZ Sanace Cup"]
[Site "Olomouc"]
[Date "1999.08.12"]
[Round "6"]
[White "Kovalev, Andrei"]
[Black "Arizmendi Martinez, Julen Luis"]
[Result "1-0"]
[WhiteElo "2400"]
[BlackElo "2465"]

1.d4 Nf6 2.Bg5 Ne4 3.Bf4 d5 4.Nd2 Nxd2 5.Qxd2 Bf5 6.e3 e6 7.Ne2 h6 8.Ng3 Bh7
9.Qa5 Bd6 10.Bb5+ c6 11.Qxd8+ Kxd8 12.Bxd6 cxb5 13.Be5 Rg8 14.Bxb8 Rxb8 15.c3 b4
16.Rc1 Rc8 17.Ne2 Kd7 18.Kd2 a5 19.f3 Rc6 20.cxb4 axb4 21.Rxc6 bxc6 22.Ra1 Rc8
23.a4 bxa3 24.Rxa3 c5 25.Ra7+ Ke8 26.dxc5 Rxc5 27.Nc3 Rc4 28.Rb7 d4 29.exd4 Rxd4+
30.Ke3 Rd3+ 31.Ke2 Rd7 32.Rxd7 Kxd7 33.Ke3 e5 34.Ne4 Kc6 35.g4 Kd5 36.Ng3 g6
37.Ne4 Ke6 38.g5 f5 39.Nf6 hxg5 40.Nxh7 g4 41.fxg4  1-0

[Event "FRA-ch G2"]
[Site "Bescanon"]
[Date "1999.08.18"]
[Round "3"]
[White "Fressinet, Laurent"]
[Black "Bauer, Christian"]
[Result "1/2-1/2"]
[WhiteElo "2440"]
[BlackElo "2480"]

1.d4 Nf6 2.Bg5 Ne4 3.Bf4 d5 4.Nd2 Bf5 5.e3 e6 6.Nxe4 Bxe4 7.Ne2 Bd6 8.Ng3 Bg6
9.h4 Bxf4 10.exf4 h6 11.h5 Bh7 12.Bd3 Bxd3 13.Qxd3 Qd6 14.Qd2 Nd7 15.c3  1/2-1/2

[Event "ESP-ch"]
[Site "Palencia"]
[Date "1999.08.23"]
[Round "5"]
[White "Ibanez Terradellas, Eduardo"]
[Black "Martinez Martin, David"]
[Result "1/2-1/2"]
[WhiteElo "2229"]
[BlackElo "2390"]

1.d4 Nf6 2.Bg5 Ne4 3.Bf4 c5 4.f3 Qa5+ 5.c3 Nf6 6.Nd2 cxd4 7.Nb3 Qb6 8.Qxd4 Nc6
9.Qxb6 axb6 10.Be3 Na5 11.Nd2 b5 12.Bg5 Nc4 13.b3 Na3 14.O-O-O Nd5 15.Kb2 h6
16.e4 Nxc3 17.Kxc3 hxg5 18.Nh3 g6 19.Bd3 Bg7+ 20.Kb4 d6 21.Nxg5 Bd4 22.f4 Bc5+
23.Kc3 b4+ 24.Kb2 Bd4+ 25.Kc1 Bg4 26.Ndf3 Be3+ 27.Kb2 f6 28.e5 fxg5 29.Bxg6+ Kf8
30.exd6 exd6 31.fxg5 Rc8 32.Rxd6 Nb5 33.Rf6+ Kg7 34.Bd3 Bxf3 35.Rg6+ Kf7
36.Rf6+ Kg7 37.Rg6+ Kf7 38.Rf6+ Ke7 39.Re1 Bc6 40.Rxe3+ Kd8 41.Bf5 Ra8 42.g6 Kc7
43.g7 Rh7 44.Bh3 Nc3 45.a4 Nd1+ 46.Kc1 Nxe3 47.Rf8 Bd5 48.Rxa8 Nxg2 49.g8=Q Bxg8
50.Rxg8 Rxh3 51.Rxg2 Rxb3 52.Rg4 Kb6 53.Kc2 Rc3+ 54.Kb2 Ka5 55.Rg7  1/2-1/2